| 000 | 00413nam a2200181Ia 4500 | ||
|---|---|---|---|
| 001 | 14770 | ||
| 005 | 20250626030551.0 | ||
| 008 | 211022s9999 xx 000 0 und d | ||
| 020 | _a0442246692 | ||
| 082 | _a729 /KUR | ||
| 100 | _aKurtich, John. | ||
| 245 | 0 | _aInterior architecture / | |
| 260 | _aNew York : | ||
| 260 | _bVan Nostrand Reinhold, | ||
| 260 | _c1993 | ||
| 300 | _aix, 485 p. : | ||
| 942 | _cBK | ||
| 999 |
_c10900 _d10900 |
||